000
00414nam a22001817a 4500
003
MPLRDC
005
20220104114527.0
008
210129b ||||| |||| 00| 0 eng d
082
_a
857.6 HY
100
_a
黄崖
245
_a
得奖者
_c
250
_a
初版
260
_a
_b
高原出版社
_c
1962
300
_b
平
490
_a
中国当代文艺丛书
650
_a
短篇小说
942
_c
BK
_o
857.6 HY
999
_c
8173
_d
8163